000 00370 a2200121 4500
082 _a332.1095491
090 _c4114
_d4114
100 _aThe Institute of bankersin Pakistan
245 _aChallange of Banking Sector of Pakistan in 21st Century
260 _aKrachi, Pakistan
_bInstitute of Bankers in Pakistan
_c1998
300 _a217
942 _aNBS
_cBK
_k332.1095491 IBP
999 _c346569
_d346569